| 000 | 004680000a22001810004500 | ||
|---|---|---|---|
| 003 | MACL | ||
| 005 | 20150918115216.0 | ||
| 008 | 150918b xxu||||| |||| 00| 0 eng d | ||
| 040 |
_aMACL _cMACL |
||
| 041 | _aEnglish | ||
| 082 | _a824/PAN | ||
| 100 |
_aPandurang, Mala _911744 |
||
| 245 |
_aNgugi Wa Thiong'o _bAn Antology Of Recent Criticism |
||
| 260 |
_bPencraft International _c2007 _aNew Delhi |
||
| 350 | _a560 | ||
| 650 |
_aEssays _911746 |
||
| 942 |
_cBK _k824 _2ddc |
||
| 999 |
_c8040 _d8040 |
||